Statistics for First Lines of Songs #7

Click here to take the quiz!

General Stats

  • This quiz has been taken 138 times
  • The average score is 12 of 30

Answer Stats

Answer % Correct
Hello
83%
Adele
81%
Macklemore
66%
Thrift Shop
66%
Pokerface
62%
Lady Gaga
62%
Eric Clapton
52%
Rick Astley
50%
Never gonna give you up
50%
Elvis Presley
49%
Jailhouse Rock
48%
Tears in Heaven
46%
Oasis
46%
Don't look back in anger
44%
Sweet Home Alabama
39%
Britney Spears
37%
Toxic
36%
Lynyrd Skynyrd
34%
Careless Whisper
27%
Bruce Springsteen
26%
George Michael
26%
Born in the U.S.A.
25%
Rage Against the Machine
23%
Killing in the name
20%
System of A Down
19%
Chop Suey
19%
Guns N'Roses
17%
Bob Dylan
16%
November Rain
15%
Like a rolling stone
13%

Score Distribution

Percentile by Number Answered

Percent of People with Each Score

Your Score History

You have not taken this quiz